عرض عادي عرض مارك
  • Holland, Karen,

مدخل إسم شخص

عدد التسجيلات المستخدمة في: 2

001 - رقم الضبط

  • حقل الضبط: 18354

003 - معرف رقم الضبط

  • حقل الضبط: OSt

005 - تاريخ ووقت أخر عملية

  • حقل الضبط: 20121224180535.0

008 - عناصر بيانات ثابتة الطول

  • حقل تحكم ثابت الطول: 121224|||a|||||| | ||| d

040 ## - مصدر الفهرسة

  • هيئة الفهرسة الأصلية: OSt
  • وكالة الكتابة: OSt

100 ## - مدخل -- أسم شخص

  • إسم شخص: Holland, Karen,
  • تواريخ مرتبطة بالاسم: 1949-

670 ## - بيانات المصدر موجوده

  • الاستشهاد بالمصدر: Work cat.: (OSt)0: Holland, Karen, 1949-, Nursing :, 2010.